000 00327nam a22001457a 4500
008 210312b ||||| |||| 00| 0 eng d
020 _a9780803601390
041 _aeng
080 _a617
082 _a617
100 _a8
101 _aORT
245 _aFundamentals of Orthopedic Radiology
_cMckinnis,N.L
942 _2udc
_cBK
999 _c56546
_d56546